000 01367nam2a22002291 4500
001 RU\NLR\19V\934799
005 20250620110049.0
035 _a(NLR Aleph) 005289506
090 _a6176134
_c6176134
100 _a20130724d1917 |||y0rusy50 ca
101 0 _arus
102 _aRU
105 _aa z |||||
200 0 _aза время с 1-го июля 1915 года по 1-ое июля 1916 года
_eгод 20-й
210 _d1917
_aБ. м.
215 _a28 с., 1 л. табл.
461 0 _1001RU\NLR\19V\934780
_12001#$aОтчет Комитета Общества распространения коммерческого образования в г. Киеве общему собранию членов...$vза время с 1-го июля 1915 года по 1-ое июля 1916 года
_96189199
_aКиевское общество распространения коммерческого образования
_cКиев
_d1898-1917
_tОтчет Комитета Общества распространения коммерческого образования в г. Киеве общему собранию членов...
_vза время с 1-го июля 1915 года по 1-ое июля 1916 года
801 0 _aRU
_bNLR
_c20130724
_gpsbo
801 1 _aRU
_bNLR
_c20130724
_2rusmarc
852 _aNLR
_j20.110.8.10 (9)
942 _cBOOK
980 _aNB